[Event "It (open)"]
[Site "masterchessopen.com Chennai (India)"]
[Date "2012.01.04"]
[Round "1"]
[White "Shrestha Lav Kumar (NEP)"]
[Black "Deepan Chakkravarthy J (IND)"]
[Result "0-1"]
[WhiteElo "1886"]
[BlackElo "2495"]

1.Nf3 Nf6 2.d4 g6 3.g3 Bg7 4.Bg2 O-O 5.O-O d6 6.c4 Nc6 7.Nc3 a6 8.b3 Rb8 9.a4
e5 10.e3 Bf5 11.Ba3 exd4 12.Nxd4 Nxd4 13.exd4 h5 14.h3 Qd7 15.Kh2 Rfe8 16.Ra2
c6 17.Qf3 Ne4 18.Rd1 Nxc3 19.Qxc3 c5 20.Rad2 b5 21.axb5 axb5 22.Bb2 cxd4
23.Rxd4 Qe7 24.Bc6 bxc4 25.Qxc4 Rec8 26.Qa4 Bc2 27.R1d2 Bxb3 28.Qa6 d5 29.Rf4
Bc4 30.Qa4 Bxb2 {#R} 0-1

[Event "It (active)"]
[Site "masterchessopen.com Fredrikstad (Norway)"]
[Date "2012.01.07"]
[Round "4"]
[White "Gronn Alte (NOR)"]
[Black "Haugli Petter (NOR)"]
[Result "0-1"]
[WhiteElo "2354"]
[BlackElo "2281"]

1.Nf3 Nf6 2.c4 g6 3.g3 Bg7 4.Bg2 O-O 5.O-O d6 6.d4 Nc6 7.Nc3 a6 8.b3 Rb8 9.Ne1
e5 10.d5 Ne7 11.e4 c5 12.a4 Ne8 13.Qc2 f5 14.Bh3 Nf6 15.f3 fxe4 16.Bxc8 Qxc8
17.fxe4 Qg4 18.Ng2 Qh5 19.Ne3 Bh6 20.Ncd1 Rf7 21.Nf2 Rbf8 22.Kg2 Bxe3 23.Bxe3
Nfxd5 24.Bxc5 Qf3+ 25.Kg1 Nc3 26.Rae1 dxc5 27.Nd3 Ne2+ 28.Qxe2 Qxe2 29.Ra1 Qh5
{#R} 0-1

[Event "Ch Chile (1/2 final)"]
[Site "masterchessopen.com Santiago (Chile)"]
[Date "2012.01.26"]
[Round "7"]
[White "Rioseco Fernando (CHI)"]
[Black "Paez Medina Guillermo Alejandro"]
[Result "1-0"]
[WhiteElo "2213"]
[BlackElo "2157"]

1.d4 Nf6 2.c4 d6 3.g3 g6 4.Bg2 Bg7 5.Nf3 O-O 6.O-O Nc6 7.Nc3 a6 8.h3 Bd7 9.e4
e5 10.Be3 exd4 11.Nxd4 Re8 12.Re1 Rb8 13.Qd2 Ne5 14.b3 c5 15.Nc2 Bxh3 16.f4
Bxg2 17.fxe5 Nxe4 18.Nxe4 Rxe5 19.Qxg2 {#r} 1-0

[Event "Ch Turkey"]
[Site "masterchessopen.com Kemer (Turkey)"]
[Round "4"]
[White "Haznedaroglu Kivanc (TUR)"]
[Black "Usun Tolga (TUR)"]
[Result "1-0"]
[WhiteElo "2455"]
[BlackElo "1878"]

1.d4 Nf6 2.Nf3 g6 3.g3 Bg7 4.Bg2 O-O 5.O-O d6 6.c4 Nc6 7.Nc3 a6 8.b3 Rb8 9.Nd5
Bg4 10.Bb2 b5 11.Ne3 Bd7 12.Rc1 Bh6 13.d5 Na5 14.c5 dxc5 15.Rxc5 c6 16.Ne5
cxd5 17.Nxd7 Qxd7 18.Nxd5 Qe6 19.Bh3 Qxh3 20.Nxe7+ Kh8 21.Bxf6+ Bg7 22.Bxg7+
Kxg7 23.Qd4+ f6 24.Rc7 Rb7 25.Nf5+ Kg8 26.Qd5+ Kh8 27.Qd6 {#r} 1-0

[Event "Ch Central Serbia"]
[Site "masterchessopen.com Pozarevac (Serbia)"]
[Date "2012.02.18"]
[Round "8"]
[White "Nikolic Dejan"]
[Black "Djokic Nebojsa (SRB)"]
[Result "0-1"]
[WhiteElo "1961"]
[BlackElo "2191"]

1.Nf3 Nf6 2.g3 g6 3.Bg2 Bg7 4.O-O O-O 5.d4 d6 6.c4 Nc6 7.Nc3 a6 8.h3 Bd7 9.e4
e5 10.d5 Nd4 11.Be3 Qc8 12.Kh2 Nxf3+ 13.Qxf3 Ng4+ 14.Kg1 Nxe3 15.Qxe3 Bxh3
16.b4 Bxg2 17.Kxg2 f5 18.exf5 gxf5 19.Rh1 Qe8 20.f3 Qg6 21.Rh3 Rae8 22.Rah1 h6
23.a4 e4 24.Ne2 exf3+ 25.Qxf3 f4 26.Nxf4 Rxf4 27.Qxf4 Qc2+ {#R} 0-1

[Event "Ch Central Serbia"]
[Site "masterchessopen.com Pozarevac (Serbia)"]
[Date "2012.02.18"]
[Round "8"]
[White "Pantelic Sasa (SRB)"]
[Black "Todorovic Goran M (SRB)"]
[Result "0-1"]
[WhiteElo "2357"]
[BlackElo "2509"]

1.d4 Nf6 2.Nf3 g6 3.c4 Bg7 4.Nc3 O-O 5.g3 d6 6.Bg2 Nc6 7.O-O a6 8.b3 Rb8 9.Nd5
Nxd5 10.cxd5 Nb4 11.e4 f5 12.Ng5 c5 13.Bb2 h6 14.Ne6 Bxe6 15.dxe6 f4 16.e5
cxd4 17.Qxd4 Bxe5 18.Qxb4 Bxb2 19.Rab1 Be5 20.Rfe1 b5 21.Rbd1 Qb6 22.g4 f3
23.Bf1 Bxh2+ {#R} 0-1

[Event "Ch City"]
[Site "masterchessopen.com Dimitrovgrad (Russia)"]
[Date "2012.02.23"]
[Round "5"]
[White "Ulanov Alexandr (RUS)"]
[Black "Yakimkin Igor (RUS)"]
[Result "1-0"]
[WhiteElo "2337"]
[BlackElo "2208"]

1.d4 Nf6 2.Nf3 g6 3.g3 Bg7 4.Bg2 O-O 5.O-O d6 6.c4 Nc6 7.Nc3 a6 8.h3 e5 9.dxe5
dxe5 10.Be3 Be6 11.b3 Qe7 12.Qc1 Rfd8 13.Bh6 Rab8 14.Bxg7 Kxg7 15.Qe3 Nd7
16.Rad1 Qc5 17.Ng5 Qxe3 18.fxe3 Nc5 19.Bd5 Rf8 20.Bxe6 fxe6 21.Rxf8 Kxf8
22.Nxh7+ Ke7 23.Ng5 b5 24.cxb5 axb5 25.Rc1 Nb4 26.a3 Nba6 27.b4 Nb3 28.Rf1 c5
29.Nce4 {#r} 1-0

[Event "Ch Finland (team) 2011/12"]
[Site "masterchessopen.com Finland"]
[Date "2012.03.10"]
[Round "10"]
[White "Virtanen Antti (FIN)"]
[Black "Westerinen Heikki M J (FIN)"]
[Result "0-1"]
[WhiteElo "2340"]
[BlackElo "2318"]

1.Nf3 Nf6 2.c4 g6 3.Nc3 Bg7 4.g3 O-O 5.Bg2 d6 6.O-O Nc6 7.d4 a6 8.Qd3 Bf5 9.e4
Bg4 10.Be3 Nd7 11.h3 Bxf3 12.Bxf3 e5 13.d5 Nd4 14.Bg2 c5 15.dxc6 bxc6 16.b4 a5
17.b5 Rc8 18.Rfc1 c5 19.Bd2 Nb6 20.Kh2 f5 21.Nd1 Ra8 22.Nc3 f4 23.gxf4 exf4
24.f3 Qh4 25.Rg1 Nd7 {#R} 0-1

[Event "It \"]
[Site "masterchessopen.com Kecskemet (Hungary)"]
[Date "2012.03.22"]
[Round "6"]
[White "Ilincic Zlatko (SRB)"]
[Black "Battey Alexander (USA)"]
[Result "1-0"]
[WhiteElo "2450"]
[BlackElo "2353"]

1.d4 Nf6 2.c4 g6 3.g3 Bg7 4.Bg2 O-O 5.Nc3 d6 6.Nf3 Nc6 7.O-O a6 8.h3 Rb8 9.e4
Nd7 10.Bg5 h6 11.Be3 e5 12.d5 Na5 13.b3 b5 14.cxb5 axb5 15.Qd2 b4 16.Na4 Nf6
17.Ne1 Ba6 18.Nd3 Qd7 19.Rfc1 Bxd3 20.Qxd3 Nh7 21.Rc2 f5 22.Rac1 Rbc8 23.Bd2
f4 24.Bxb4 Nb7 25.Kh2 Ng5 26.h4 fxg3+ 27.Qxg3 Bf6 28.hxg5 Bxg5 29.Bd2 {#r} 1-0

[Event "It \"]
[Site "masterchessopen.com Kecskemet (Hungary)"]
[Date "2012.03.22"]
[Round "6"]
[White "Khademalsharieh Sarasadat (IRI)"]
[Black "Groszpeter Attila (HUN)"]
[Result "0-1"]
[WhiteElo "2230"]
[BlackElo "2490"]

1.d4 Nf6 2.Nf3 g6 3.c4 Bg7 4.g3 O-O 5.Bg2 d6 6.O-O Nc6 7.Nc3 a6 8.Qd3 Bf5 9.e4
Bg4 10.h3 Bxf3 11.Bxf3 Nd7 12.Be3 e5 13.d5 Nd4 14.Bg2 c5 15.dxc6 bxc6 16.b4 c5
17.a3 cxb4 18.axb4 a5 19.Rxa5 Rxa5 20.bxa5 Nc5 21.Qd2 Qxa5 22.Nb5 Qa4 23.Nxd6
Rd8 24.Qb2 Rxd6 25.Qb8+ Bf8 26.Bh6 Nd7 {#R} 0-1

[Event "Ch Norway (team) 2011/12"]
[Site "masterchessopen.com Norway"]
[Date "2012.03.23"]
[Round "7"]
[White "Harestad Hans Krogh (NOR)"]
[Black "Bae Torstein (NOR)"]
[Result "0-1"]
[WhiteElo "2265"]
[BlackElo "2419"]

1.d4 Nf6 2.c4 g6 3.Nf3 Bg7 4.g3 O-O 5.Bg2 d6 6.O-O Nc6 7.Nc3 a6 8.b3 Rb8 9.Nd5
Nxd5 10.cxd5 Nb4 11.e4 f5 12.Ng5 h6 13.Nh3 fxe4 14.Nf4 g5 15.Ng6 Rf5 16.Bxe4
Nxd5 17.g4 Nc3 18.Qd3 Nxe4 19.Qxe4 Rf7 20.Re1 Bf6 21.h4 Qd7 22.f3 e6 23.Be3 b5
24.Bf2 Bb7 25.Qd3 Bxf3 {#R} 0-1

[Event "Tournament (universities) (under 27)"]
[Site "masterchessopen.com Bucaramanga (Colombia)"]
[Date "2012.03.29"]
[Round "1"]
[White "Solano David"]
[Black "Arenas David (COL)"]
[Result "0-1"]
[WhiteElo "1766"]
[BlackElo "2423"]

1.Nf3 Nf6 2.d4 g6 3.c4 Bg7 4.Nc3 O-O 5.g3 d6 6.Bg2 Nc6 7.O-O a6 8.e4 Bg4 9.Be3
Nd7 10.Qd2 Na5 11.b3 c5 12.h3 Bxf3 13.Bxf3 Nc6 14.d5 Nd4 15.Bxd4 cxd4 16.Ne2
d3 17.Nc3 b5 18.cxb5 Qa5 19.Rac1 Rfc8 20.Nb1 Qxd2 21.Nxd2 Rc2 22.Nc4 Bh6
23.Rxc2 dxc2 24.Ne3 Bxe3 25.fxe3 axb5 26.Rc1 Rxa2 27.Be2 Nc5 {#R} 0-1

[Event "Tournament (universities) (under 27)"]
[Site "masterchessopen.com Bucaramanga (Colombia)"]
[Date "2012.03.30"]
[Round "3"]
[White "Morales Guerrero Alfonso Javier"]
[Black "Arenas David (COL)"]
[Result "0-1"]
[WhiteElo "2084"]
[BlackElo "2423"]

1.Nf3 Nf6 2.g3 g6 3.Bg2 Bg7 4.O-O O-O 5.d4 d6 6.c4 Nc6 7.Nc3 a6 8.Re1 Rb8 9.e4
Bg4 10.h3 Bxf3 11.Bxf3 Nd7 12.Be3 e5 13.Ne2 exd4 14.Nxd4 Qf6 15.Nxc6 bxc6
16.Be2 Rxb2 17.c5 a5 18.Bg4 Nxc5 19.e5 Qxe5 20.Bc1 Re2 21.Rxe2 Qxa1 22.Kg2 h5
23.Bf3 Ne6 24.Qd2 Nd4 25.Bb2 Nxf3 26.Bxg7 Kxg7 27.Kxf3 Qh1+ {#R} 0-1

[Event "Ch Europe"]
[Site "masterchessopen.com Plovdiv (Bulgaria)"]
[Date "2012.03.30"]
[Round "10"]
[White "Nyzhnyk Illya (UKR)"]
[Black "Gallagher Joseph G (SUI)"]
[Result "1-0"]
[WhiteElo "2568"]
[BlackElo "2505"]

1.d4 Nf6 2.c4 g6 3.Nf3 Bg7 4.g3 O-O 5.Bg2 d6 6.Nc3 Nc6 7.O-O a6 8.b3 Rb8 9.Bb2
b5 10.cxb5 axb5 11.Rc1 b4 12.Na4 Na5 13.d5 e6 14.dxe6 Bxe6 15.e4 Nxe4 16.Bxg7
Kxg7 17.Qc2 Nf6 18.Qxc7 Qxc7 19.Rxc7 Rfc8 20.Rfc1 Rxc7 21.Rxc7 Nd5 22.Rc1 Nb6
23.Nxb6 Rxb6 24.Nd4 Kf6 25.f4 Ra6 26.Rc7 d5 27.Bf3 h5 28.Kf2 Ra8 29.h3 Rc8
30.Nxe6 {#r} 1-0

[Event "Memorial I.Bocharov"]
[Site "masterchessopen.com Borisoglebsk (Russia)"]
[Round "8"]
[White "Meshcheryakov Alexey"]
[Black "Maruseva Evgenia"]
[Result "0-1"]
[WhiteElo "1718"]
[BlackElo "1691"]

1.c4 g6 2.d4 Nf6 3.Nf3 Bg7 4.g3 O-O 5.Bg2 d6 6.O-O Nc6 7.Nc3 a6 8.b3 Rb8 9.Bb2
b5 10.cxb5 axb5 11.Rc1 b4 12.Nb1 Na7 13.Nbd2 c6 14.Rc4 Nb5 15.Rxb4 Nxd4
16.Rxb8 Nxf3+ 17.Bxf3 Nd7 18.Bxg7 Kxg7 19.Rb4 {#R} 0-1

[Event "Bundesliga 2011/12 (w)"]
[Site "masterchessopen.com Germany"]
[Date "2012.04.22"]
[Round "11"]
[White "Seils Gudula (GER)"]
[Black "Krasnopeyeva Julia (GER)"]
[Result "0-1"]
[WhiteElo "2065"]
[BlackElo "1963"]

1.c4 Nf6 2.Nc3 g6 3.g3 Bg7 4.Bg2 O-O 5.d4 d6 6.Nf3 a6 7.O-O Nc6 8.e4 e5 9.d5
Na5 10.Qe2 c5 11.dxc6 Nxc6 12.Rd1 Be6 13.h3 Qd7 14.Kh2 Rac8 15.Be3 Qe7 16.Ng5
Nd4 17.Qd2 Bxc4 18.Nf3 Nxf3+ 19.Bxf3 Rfd8 20.Bb6 Rd7 21.Qe3 Rc6 22.b3 Be6
23.Nd5 Qf8 24.Nb4 Bh6 {#R} 0-1

[Event "It (open)"]
[Site "masterchessopen.com Copenhagen (Denmark)"]
[Date "2012.05.05"]
[Round "6"]
[White "Brynell Stellan (SWE)"]
[Black "Pedersen Nicolai Vesterbaek (DEN)"]
[Result "1-0"]
[WhiteElo "2506"]
[BlackElo "2460"]

1.d4 Nf6 2.Nf3 g6 3.c4 Bg7 4.Nc3 O-O 5.g3 d6 6.Bg2 Nc6 7.O-O a6 8.h3 e5 9.d5
Na5 10.Nd2 c5 11.dxc6 Nxc6 12.Nde4 Ne8 13.Nd5 h6 14.b3 f5 15.Nec3 e4 16.Be3 b5
17.cxb5 axb5 18.Rc1 Rb8 19.Nxe4 Ne5 20.Nec3 Be6 21.Qd2 Kh7 22.Rfd1 Bf7 23.f4
Nd7 24.Nb4 Qf6 25.Nc6 Rb7 26.Bd4 {#r} 1-0

[Event "It (open)"]
[Site "masterchessopen.com Wunsiedel (Germany)"]
[Date "2012.05.18"]
[Round "3"]
[White "Chetverik Maxim (RUS)"]
[Black "Teterev Vitaly (BLR)"]
[Result "0-1"]
[WhiteElo "2272"]
[BlackElo "2516"]

1.d4 Nf6 2.c4 g6 3.Nf3 Bg7 4.g3 O-O 5.Bg2 d6 6.O-O a6 7.Nc3 Nc6 8.h3 Rb8 9.Be3
b5 10.Nd2 Bd7 11.Rc1 e6 12.d5 Ne7 13.dxe6 Bxe6 14.b3 {#R} 0-1

[Event "Ch Uzbekistan"]
[Site "masterchessopen.com Tashkent (Uzbekistan)"]
[Date "2012.05.26"]
[Round "10"]
[White "Barsov Alexei (UZB)"]
[Black "Alikulov Elbek (UZB)"]
[Result "1-0"]
[WhiteElo "2521"]
[BlackElo "2283"]

1.d4 Nf6 2.Nf3 g6 3.c4 Bg7 4.g3 O-O 5.Bg2 d6 6.O-O Nc6 7.Nc3 a6 8.d5 Na5 9.b3
c5 10.dxc6 Nxc6 11.Bb2 Ne4 12.Qc1 Nc5 13.Nd5 e5 14.Qd1 Re8 15.Rc1 a5 16.Nd2
Bf5 17.Nb1 Ra6 18.Nbc3 e4 19.Qd2 Nb4 20.Rfd1 Be5 21.Ne3 Bc8 22.Nb5 f5 23.Bxe5
Rxe5 24.Qc3 Qe7 25.a3 Nc6 26.Rxd6 a4 27.Nd5 Qg7 28.Nb4 Nxb4 29.Rd8+ Kf7
30.axb4 {#r} 1-0

[Event "Cup Felix (open)"]
[Site "masterchessopen.com Baile Felix (Romania)"]
[Date "2012.06.05"]
[Round "7"]
[White "Cordea David (ROM)"]
[Black "Pop Alexandru (ROM)"]
[Result "1-0"]
[WhiteElo "1978"]
[BlackElo "2272"]

1.d4 Nf6 2.Nf3 g6 3.c4 Bg7 4.Nc3 O-O 5.g3 d6 6.Bg2 Nc6 7.O-O a6 8.d5 Na5 9.Qd3
c5 10.dxc6 Nxc6 11.h3 Be6 12.Nd5 Nxd5 13.cxd5 Nb4 14.Qb3 Nxd5 15.Ng5 Nc7
16.Nxe6 fxe6 17.Qxb7 Rb8 18.Qc6 Bxb2 19.Bxb2 Rxb2 20.Rac1 Nb5 21.e3 Qa5 22.Qd7
Qxa2 23.Ra1 Qc4 24.Rxa6 Nd4 25.Ra7 Nf5 26.g4 Nh6 27.Qxe7 Nf7 28.Qf6 Rb6
29.Rxf7 {#r} 1-0

[Event "Tournament (Elo) (a)"]
[Site "masterchessopen.com Budapest (Hungary)"]
[Date "2012.06.09"]
[Round "7"]
[White "Gyomber Tamas (HUN)"]
[Black "Montolio Benedicto Cesar (ESP)"]
[Result "1-0"]
[WhiteElo "2059"]
[BlackElo "1963"]

1.d4 Nf6 2.Nf3 g6 3.g3 Bg7 4.Bg2 O-O 5.O-O d6 6.c4 Nc6 7.Nc3 a6 8.e4 Rb8 9.h3
Na5 10.Qe2 c5 11.dxc5 dxc5 12.Rd1 Nd7 13.Bf4 Ra8 14.Qd3 Nc6 15.e5 e6 16.Ne4
Qa5 17.Qd6 Re8 18.Ned2 Bf8 19.Qd3 Bg7 20.Qe2 Qc7 21.Ne4 Ndxe5 22.Nxe5 Bxe5
23.Nf6+ {#r} 1-0

[Event "It (open)"]
[Site "masterchessopen.com Voronezh (Russia)"]
[Date "2012.06.12"]
[Round "1"]
[White "Pavlov Sergey (UKR)"]
[Black "Balaian Alina (RUS)"]
[Result "1-0"]
[WhiteElo "2460"]
[BlackElo "2185"]

1.Nf3 Nf6 2.c4 g6 3.Nc3 Bg7 4.g3 O-O 5.Bg2 d6 6.d4 Nc6 7.O-O a6 8.Qd3 Nd7
9.Be3 e5 10.Qd2 Re8 11.Rfd1 Ne7 12.Bh6 Bxh6 13.Qxh6 Nf5 14.Qd2 Rb8 15.dxe5
dxe5 16.Bh3 c6 17.Ne4 Qe7 18.Bxf5 gxf5 19.Nd6 Rf8 20.Nxc8 {#r} 1-0

[Event "It (open)"]
[Site "masterchessopen.com Teplice (Czech Republic)"]
[Date "2012.06.21"]
[Round "6"]
[White "Kozak Milos (CZE)"]
[Black "Kubik Michael (CZE)"]
[Result "1-0"]
[WhiteElo "2216"]
[BlackElo "2046"]

1.d4 Nf6 2.c4 g6 3.Nf3 Bg7 4.g3 O-O 5.Bg2 d6 6.O-O Nc6 7.Nc3 a6 8.b3 Rb8 9.Nd5
Bg4 10.Bb2 Nxd5 11.cxd5 Nb4 12.e4 c6 13.h3 Bxf3 14.Bxf3 cxd5 15.exd5 a5 16.a3
Na6 17.Rc1 Qd7 18.Kg2 Qb5 19.Rc4 Rfc8 20.Qc2 Rxc4 21.bxc4 Qb6 22.Qd2 Qb3
23.Rc1 b5 24.Rc3 Qa2 25.cxb5 Bh6 26.Qe2 Rb7 27.Rc2 Nb8 28.Bc1 {#r} 1-0

[Event "Ch Slovakia (open)"]
[Site "masterchessopen.com Banska Stiavnica (Slovakia)"]
[Date "2012.07.13"]
[Round "7"]
[White "Banduka Zeljko (SVK)"]
[Black "Wolak Jacek (POL)"]
[Result "1-0"]
[WhiteElo "2173"]
[BlackElo "2052"]

1.d4 Nf6 2.g3 g6 3.Bg2 Bg7 4.c4 d6 5.Nf3 O-O 6.O-O a6 7.Nc3 Nc6 8.e4 e5 9.h3
Rb8 10.dxe5 Nxe5 11.Nxe5 dxe5 12.Qe2 c6 13.Be3 Qc7 14.Rfd1 Be6 15.Rac1 Rfd8
16.Nd5 cxd5 17.cxd5 Qd7 18.dxe6 Qxe6 19.a4 Rbc8 20.Rxd8+ Rxd8 21.Rc7 Qb3 22.a5
Ne8 23.Rc1 Nd6 24.Qd2 Bf8 25.Bg5 Rc8 26.Rxc8 Nxc8 27.Qd8 Qc2 28.Bh6 Qc5 29.b4
{#r} 1-0

[Event "It (open)"]
[Site "masterchessopen.com Pardubice (Czech Republic)"]
[Date "2012.07.28"]
[Round "9"]
[White "Majer Jiri (CZE)"]
[Black "Pogan Nikolas (GER)"]
[Result "1-0"]
[WhiteElo "2265"]
[BlackElo "2205"]

1.d4 Nf6 2.c4 g6 3.Nf3 Bg7 4.Nc3 O-O 5.g3 d6 6.Bg2 Nc6 7.O-O a6 8.b3 Rb8 9.Bb2
b5 10.cxb5 axb5 11.Rc1 b4 12.Na4 Na5 13.Qc2 c6 14.Nd2 Ba6 15.Rfe1 Nd5 16.e4
Nb6 17.Nxb6 Qxb6 18.e5 d5 19.Qc5 e6 20.Bf1 Bxf1 21.Qxb6 Rxb6 22.Nxf1 Ra8
23.Rc2 Bf8 24.Bc1 Nb7 25.Be3 Ra5 26.Rec1 Rba6 27.Rxc6 Rxa2 28.Rc8 Kg7 29.Rb8
{#r} 1-0

[Event "It (open)"]
[Site "masterchessopen.com Split (Croatia)"]
[Date "2012.08.12"]
[Round "2"]
[White "Saric Ante (CRO)"]
[Black "Krnic Ivan (CRO)"]
[Result "1-0"]
[WhiteElo "2503"]
[BlackElo "2185"]

1.d4 Nf6 2.Nf3 g6 3.c4 Bg7 4.g3 O-O 5.Bg2 d6 6.O-O Nc6 7.Nc3 a6 8.b3 e5 9.dxe5
Ng4 10.Bg5 Qd7 11.Nd5 Ngxe5 12.Bf6 Kh8 13.Qd2 Bxf6 14.Nxf6 Qd8 15.Qh6 {#r} 1-0

[Event "It (open)"]
[Site "masterchessopen.com Dresden (Germany)"]
[Date "2012.08.18"]
[Round "1"]
[White "Oehl Tim (GER)"]
[Black "Zwahr Paul (GER)"]
[Result "0-1"]
[WhiteElo "2088"]
[BlackElo "2313"]

1.Nf3 Nf6 2.g3 g6 3.Bg2 Bg7 4.O-O O-O 5.c4 d6 6.Nc3 Nc6 7.d4 a6 8.e4 Bg4 9.h3
Bxf3 10.Bxf3 e5 11.d5 Nd4 12.Be3 Nxf3+ 13.Qxf3 Nd7 14.Qe2 f5 15.b4 f4 16.Bd2
Nf6 17.g4 f3 18.Qxf3 Nxd5 19.Qd1 Nf4 20.Bxf4 exf4 21.Qf3 Qh4 22.Rac1 Rae8
23.Rfe1 Bd4 24.Red1 Ba7 25.Rc2 Qg3+ 26.Qxg3 fxg3 27.Kg2 gxf2 28.Rf1 Bd4 29.Nd1
Rxe4 30.Nxf2 Ref4 {#R} 0-1

[Event "It (open)"]
[Site "masterchessopen.com Bratto (Italy)"]
[Date "2012.08.19"]
[Round "2"]
[White "Bellia Fabrizio (ITA)"]
[Black "Llaneza Vega Patricia (ESP)"]
[Result "1-0"]
[WhiteElo "2428"]
[BlackElo "2225"]

1.d4 Nf6 2.c4 g6 3.g3 Bg7 4.Bg2 O-O 5.Nc3 d6 6.Nf3 Nc6 7.O-O a6 8.h3 e5 9.d5
Ne7 10.e4 Nh5 11.Re1 f5 12.exf5 Nxf5 13.g4 Nh4 14.gxh5 Bxh3 15.Nxh4 Qxh4
16.Ne4 Bg4 17.Qd2 Rf4 18.Qd3 Raf8 19.Bxf4 exf4 20.f3 Bxh5 21.Qd2 Be5 22.Rad1
Qe7 23.Qf2 {#r} 1-0

[Event "Ch India"]
[Site "masterchessopen.com Kolkata (India)"]
[Date "2012.10.06"]
[Round "6"]
[White "Abhilash Reddy M L (IND)"]
[Black "Shashikant Kutwal (IND)"]
[Result "1-0"]
[WhiteElo "2242"]
[BlackElo "2307"]

1.d4 Nf6 2.Nf3 g6 3.g3 Bg7 4.Bg2 O-O 5.O-O d6 6.c4 Nc6 7.Nc3 a6 8.Re1 Rb8
9.Rb1 b5 10.cxb5 axb5 11.b4 Bf5 12.e4 Bg4 13.h3 Bxf3 14.Bxf3 e5 15.d5 Nd4
16.Bg2 Qd7 17.Be3 Rfe8 18.Qd3 c6 19.dxc6 Qxc6 20.Rec1 Qb7 21.Bxd4 exd4 22.e5
{#r} 1-0

[Event "It \"]
[Site "masterchessopen.com Senden (Germany)"]
[Date "2012.10.09"]
[Round "5"]
[White "Schulze Ulrich (GER)"]
[Black "Starp Klaus (GER)"]
[Result "0-1"]
[WhiteElo "2339"]
[BlackElo "2029"]

1.d4 Nf6 2.Nf3 g6 3.g3 Bg7 4.Bg2 O-O 5.c4 d6 6.O-O Nc6 7.Nc3 a6 8.Nd5 e5
9.Nxf6+ Bxf6 10.Bh6 Re8 11.d5 Ne7 12.e4 Bg7 13.Qd2 f5 14.Bxg7 Kxg7 15.Ng5 h6
16.Ne6+ Bxe6 17.dxe6 Nc6 18.exf5 gxf5 19.f4 Rxe6 20.fxe5 dxe5 21.Qxd8 Rxd8
22.Rxf5 e4 23.Re1 Rd2 24.Rxe4 Rxg2+ {#R} 0-1